000 00744nam a2200241Ia 4500
005 20260430150640.0
008 008 250103s9999 xx 000 0 eng d
037 _aTheses
040 _aCRL
040 _beng
040 _ceng
041 _2eng
041 _aeng
084 _qCRL
100 _aAnjali Au.; Raman Rajagopal Gu.
_91238102
245 0 _aPrevalence of Antibiotic Resistance and Identification of the Genetic Determinants of Resistance in Enterobacteriaceae Isolated from Commercial Layer Chickens and Chicken Based Salads
260 _c2023
300 _a149p.
650 _aZoology
700 _aUniversity of Delhi. Faculty of Science. Deptt. of Zoology
_91237570
942 _cTH
999 _c1850294
_d1850294